| 000 | 01206nam0a22002651 4500 | ||
|---|---|---|---|
| 001 | rc\4422860 | ||
| 005 | 20250612080552.0 | ||
| 021 |
_aRU _b[64-91693] |
||
| 035 | _a(NLR Aleph) 008571340 | ||
| 090 |
_a8527453 _c8527453 |
||
| 100 | _a20130416d1964 |||y0rusy50 ca | ||
| 101 | 0 | _arus | |
| 102 | _aRU | ||
| 105 | _ay z ||||| | ||
| 200 | 1 |
_aНовое в химическом методе борьбы с вредителями сельскохозяйственных культур _eУчеб. пособие для студентов агр. фак. _fМ-во сел. хозяйства РСФСР. Всесоюз. с.-х. ин-т заоч. образования |
|
| 210 |
_aМосква _cБ. и. _d1964 |
||
| 215 |
_a40 с. _d20 |
||
| 300 | _aПеред загл. авт.: доц. Л.А. Зенякин | ||
| 606 |
_aСельскохозяйственные культуры _xБолезни и вредители _xХимический способ борьбы _jПособия заочные _2psbo |
||
| 700 | 1 |
_aЗенякин _bЛ.А. _f1910- _gЛев Александрович |
|
| 801 | 0 |
_aRU _bNLR _gpsbo |
|
| 801 | 1 |
_aRU _bELAR _2rusmarc |
|
| 852 |
_aNLR _j64-4/19936 |
||
| 942 | _cBOOK | ||
| 980 | _aNB | ||